000 006620000a22002170004500
020 _a0-395-18604-8
041 0 _aENG
082 0 4 _aG 253.52 B4681h
100 1 _aBenjamin, Alfred
245 1 0 _aThe helping interview / Alfred Benjamin
250 _a2
260 _aHopewell, N.J., USA : Houghton Mifflin
300 _a167 Pag.
505 0 0 _aAyudar a la entrevista: condiciones, etapas actitudes y comportamiento, preguntas, comunicación, respuestas
650 1 4 _aENTREVISTAS \ ORIENTACION PSICOLOGICA
001 937
942 _cBK
999 _c32335
_d32335
336 _atexto
_btxt
_2rdacontent
337 _2rdamedia
_asin mediación
_bn
338 _2rdacarrier
_avolumen
_bnc